[Event "World Chess Olympiad 2018"]
[Site "Batumi"]
[Date "2018.10.04"]
[Round "10"]
[Board "3"]
[WhiteFideId "15002187"]
[White "Pancevski Filip"]
[BlackFideId "3503313"]
[Black "Almeida Quintana Omar"]
[Result "1/2-1/2"]
[LiveChessVersion "1.4.8"]
[BlackElo "2540"]
[WhiteElo "2489"]

1. c4 {[%clk 1:30:58]} g6 {[%clk 1:30:50]} 2. g3 {[%clk 1:31:21]} Bg7
{[%clk 1:31:15]} 3. Bg2 {[%clk 1:31:50]} c5 {[%clk 1:30:38]} 4. Nc3
{[%clk 1:32:14]} Nc6 {[%clk 1:31:03]} 5. a3 {[%clk 1:32:38]} e6 {[%clk 1:30:14]}
6. Rb1 {[%clk 1:32:40]} Nge7 {[%clk 1:29:46]} 7. b4 {[%clk 1:32:47]} cxb4
{[%clk 1:29:46]} 8. axb4 {[%clk 1:33:15]} O-O {[%clk 1:30:11]} 9. Ba3
{[%clk 1:10:51]} Re8 {[%clk 1:18:21]} 10. c5 {[%clk 1:06:56]} d5 {[%clk 1:09:47]}
11. cxd6 {[%clk 1:05:42]} Nf5 {[%clk 1:09:38]} 12. Ne4 {[%clk 0:59:17]} Ne5
{[%clk 1:07:12]} 13. Nf3 {[%clk 0:32:22]} Nc4 {[%clk 1:01:55]} 14. Bc1
{[%clk 0:32:46]} Ncxd6 {[%clk 0:59:23]} 15. Nxd6 {[%clk 0:32:00]} Qxd6
{[%clk 0:58:13]} 16. O-O {[%clk 0:32:00]} Bd7 {[%clk 0:57:48]} 17. Bb2
{[%clk 0:24:31]} e5 {[%clk 0:54:02]} 18. Ng5 {[%clk 0:23:56]} Qe7
{[%clk 0:54:15]} 19. Ne4 {[%clk 0:22:02]} Bc6 {[%clk 0:53:22]} 20. Qb3
{[%clk 0:12:32]} Rad8 {[%clk 0:48:59]} 21. d3 {[%clk 0:10:45]} a6
{[%clk 0:46:04]} 22. Rfc1 {[%clk 0:11:07]} Bd5 {[%clk 0:44:11]} 23. Nf6+
{[%clk 0:10:22]} Bxf6 {[%clk 0:44:13]} 24. Bxd5 {[%clk 0:10:39]} Nd4
{[%clk 0:44:03]} 25. Bxd4 {[%clk 0:10:57]} exd4 {[%clk 0:44:32]} 26. Rb2
{[%clk 0:09:59]} Qd7 {[%clk 0:43:32]} 27. Bf3 {[%clk 0:08:02]} Rc8
{[%clk 0:41:46]} 28. Rbc2 {[%clk 0:07:11]} Rc3 {[%clk 0:38:59]} 29. Rxc3
{[%clk 0:06:53]} dxc3 {[%clk 0:39:28]} 30. Rc2 {[%clk 0:06:54]} Rd8
{[%clk 0:33:10]} 31. Kg2 {[%clk 0:01:32]} Qb5 {[%clk 0:31:05]} 32. Qa3
{[%clk 0:01:24]} Rc8 {[%clk 0:30:13]} 33. Qa5 {[%clk 0:01:16]} Qxa5
{[%clk 0:24:51]} 34. bxa5 {[%clk 0:01:44]} Rc7 {[%clk 0:24:39]} 35. Bd5
{[%clk 0:02:08]} Be7 {[%clk 0:23:51]} 36. Bb3 {[%clk 0:02:18]} Bb4
{[%clk 0:24:04]} 37. Ra2 {[%clk 0:02:02]} Rc5 {[%clk 0:23:41]} 38. d4
{[%clk 0:02:19]} Rb5 {[%clk 0:20:14]} 39. Bc2 {[%clk 0:01:55]} Bxa5
{[%clk 0:14:27]} 40. Bd3 {[%clk 0:31:46]} Rh5 {[%clk 0:42:50]} 41. Ra4
{[%clk 0:26:10]} Rd5 {[%clk 0:31:45]} 42. e3 {[%clk 0:26:25]} Bd8
{[%clk 0:29:31]} 43. Rc4 {[%clk 0:26:33]} Ba5 {[%clk 0:29:25]} 44. Ra4
{[%clk 0:22:24]} Bd8 {[%clk 0:28:18]} 45. Rc4 {[%clk 0:17:27]} Ba5
{[%clk 0:27:39]} 46. Ra4 {[%clk 0:17:52]} 1/2-1/2

[Event "World Chess Olympiad 2018"]
[Site "Batumi"]
[Date "2018.10.04"]
[Round "10"]
[Board "4"]
[WhiteFideId "3509362"]
[White "Quesada Perez Yasser"]
[BlackFideId "15000605"]
[Black "Nedev Trajko"]
[Result "1/2-1/2"]
[LiveChessVersion "1.4.8"]
[BlackElo "2496"]
[WhiteElo "2523"]

1. e4 {[%clk 1:30:56]} c5 {[%clk 1:30:54]} 2. Nc3 {[%clk 1:31:19]} Nc6
{[%clk 1:31:17]} 3. Bb5 {[%clk 1:31:32]} Nd4 {[%clk 1:31:40]} 4. Nf3
{[%clk 1:31:48]} a6 {[%clk 1:28:37]} 5. Bd3 {[%clk 1:32:05]} Nc6 {[%clk 1:23:08]}
6. O-O {[%clk 1:27:52]} g6 {[%clk 1:20:56]} 7. Ne2 {[%clk 1:13:58]} Nb4
{[%clk 1:10:25]} 8. Bc4 {[%clk 1:13:31]} b5 {[%clk 1:10:50]} 9. Bxf7+
{[%clk 1:04:07]} Kxf7 {[%clk 1:11:12]} 10. d4 {[%clk 1:04:34]} Bg7
{[%clk 1:03:45]} 11. d5 {[%clk 1:00:29]} a5 {[%clk 1:03:56]} 12. c3
{[%clk 0:59:56]} Na6 {[%clk 1:04:20]} 13. e5 {[%clk 1:00:12]} Nh6
{[%clk 0:54:08]} 14. Bg5 {[%clk 0:50:48]} d6 {[%clk 0:46:22]} 15. e6+
{[%clk 0:45:39]} Kg8 {[%clk 0:46:42]} 16. Nh4 {[%clk 0:43:27]} Nc7
{[%clk 0:43:36]} 17. f4 {[%clk 0:42:02]} Ng4 {[%clk 0:37:16]} 18. f5
{[%clk 0:36:16]} h6 {[%clk 0:36:48]} 19. Bc1 {[%clk 0:36:40]} g5 {[%clk 0:37:07]}
20. Ng6 {[%clk 0:37:07]} Rh7 {[%clk 0:35:28]} 21. h4 {[%clk 0:31:20]} Nf6
{[%clk 0:35:41]} 22. hxg5 {[%clk 0:24:36]} hxg5 {[%clk 0:35:53]} 23. Bxg5
{[%clk 0:25:02]} Ncxd5 {[%clk 0:36:09]} 24. Nef4 {[%clk 0:25:05]} Nxf4
{[%clk 0:33:10]} 25. Rxf4 {[%clk 0:25:24]} c4 {[%clk 0:32:14]} 26. Rh4
{[%clk 0:24:58]} Rxh4 {[%clk 0:29:42]} 27. Bxh4 {[%clk 0:23:50]} Bb7
{[%clk 0:20:38]} 28. Bxf6 {[%clk 0:17:50]} exf6 {[%clk 0:20:20]} 29. Qh5
{[%clk 0:13:43]} Bc6 {[%clk 0:19:13]} 30. Re1 {[%clk 0:11:59]} Be8
{[%clk 0:18:47]} 31. e7 {[%clk 0:11:28]} Qb6+ {[%clk 0:18:49]} 32. Kf1
{[%clk 0:11:24]} Bf7 {[%clk 0:14:57]} 33. Qe2 {[%clk 0:01:05]} Qc5
{[%clk 0:14:01]} 34. g4 {[%clk 0:01:05]} Bh6 {[%clk 0:10:59]} 35. Qh2
{[%clk 0:00:45]} Kg7 {[%clk 0:10:53]} 36. Nf4 {[%clk 0:01:14]} Bxf4
{[%clk 0:09:45]} 37. Qxf4 {[%clk 0:01:44]} Rh8 {[%clk 0:10:11]} 38. Kg2
{[%clk 0:02:01]} Qd5+ {[%clk 0:10:11]} 39. Kf2 {[%clk 0:02:19]} Qc5+
{[%clk 0:08:40]} 40. Kg2 {[%clk 0:32:44]} Qc6+ {[%clk 0:35:48]} 41. Kf2
{[%clk 0:31:09]} Qb6+ {[%clk 0:29:33]} 42. Kg2 {[%clk 0:25:13]} b4
{[%clk 0:24:12]} 43. g5 {[%clk 0:09:20]} bxc3 {[%clk 0:24:28]} 44. b3
{[%clk 0:09:33]} cxb3 {[%clk 0:19:41]} 45. axb3 {[%clk 0:06:09]} Qb4
{[%clk 0:14:16]} 46. gxf6+ {[%clk 0:05:19]} Kxf6 {[%clk 0:14:44]} 47. e8=N+
{[%clk 0:05:40]} Bxe8 {[%clk 0:15:08]} 48. Re6+ {[%clk 0:06:05]} Kf7
{[%clk 0:15:34]} 49. Qg5 {[%clk 0:06:30]} Qb7+ {[%clk 0:08:39]} 50. Kg3
{[%clk 0:06:47]} Rh3+ {[%clk 0:08:38]} 51. Kxh3 {[%clk 0:07:07]} Qh1+
{[%clk 0:09:04]} 52. Kg3 {[%clk 0:06:08]} Qg1+ {[%clk 0:09:29]} 53. Kf4
{[%clk 0:05:54]} Qf2+ {[%clk 0:08:08]} 54. Ke4 {[%clk 0:03:51]} Qc2+
{[%clk 0:04:52]} 55. Kf4 {[%clk 0:03:19]} Qf2+ {[%clk 0:05:10]} 56. Kg4
{[%clk 0:03:15]} Qg2+ {[%clk 0:05:29]} 57. Kf4 {[%clk 0:03:22]} Qf2+
{[%clk 0:05:42]} 58. Kg4 {[%clk 0:03:47]} Qg2+ 1/2-1/2

[Event "World Chess Olympiad 2018"]
[Site "Batumi"]
[Date "2018.10.04"]
[Round "10"]
[Board "1"]
[WhiteFideId "4900847"]
[White "Batchuluun Tsegmed"]
[BlackFideId "1407767"]
[Black "Glud Jakob Vang"]
[Result "1/2-1/2"]
[LiveChessVersion "1.4.8"]
[BlackElo "2514"]
[WhiteElo "2570"]

1. d4 {[%clk 1:30:57]} d5 {[%clk 1:30:42]} 2. c4 {[%clk 1:31:20]} e6
{[%clk 1:31:05]} 3. Nf3 {[%clk 1:29:56]} Nf6 {[%clk 1:31:08]} 4. g3
{[%clk 1:30:21]} Bb4+ {[%clk 1:30:55]} 5. Bd2 {[%clk 1:30:44]} Be7
{[%clk 1:30:41]} 6. Bg2 {[%clk 1:31:07]} O-O {[%clk 1:31:05]} 7. O-O
{[%clk 1:31:31]} Nbd7 {[%clk 1:31:31]} 8. Qc2 {[%clk 1:31:14]} c6
{[%clk 1:31:03]} 9. Rd1 {[%clk 1:29:02]} b6 {[%clk 1:30:14]} 10. Bf4
{[%clk 1:29:25]} Bb7 {[%clk 1:29:51]} 11. Ne5 {[%clk 1:29:25]} Nh5
{[%clk 1:29:58]} 12. Bd2 {[%clk 1:28:08]} Nhf6 {[%clk 1:30:17]} 13. Bf4
{[%clk 1:28:20]} Nh5 {[%clk 1:28:34]} 14. Bd2 {[%clk 1:28:45]} Nhf6
{[%clk 1:28:54]} 15. cxd5 {[%clk 1:29:11]} cxd5 {[%clk 1:29:19]} 16. Nc6
{[%clk 1:29:38]} Bxc6 {[%clk 1:29:43]} 17. Qxc6 {[%clk 1:30:05]} Rc8
{[%clk 1:29:01]} 18. Qb5 {[%clk 1:30:30]} Ne8 {[%clk 1:29:19]} 19. Qd3
{[%clk 1:30:37]} Nd6 {[%clk 1:28:24]} 20. b3 {[%clk 1:30:31]} Nb8
{[%clk 1:22:00]} 21. Nc3 {[%clk 1:29:27]} Nc6 {[%clk 1:22:09]} 22. e3
{[%clk 1:26:29]} Qd7 {[%clk 1:21:11]} 23. Be1 {[%clk 1:18:45]} Rfd8
{[%clk 1:15:16]} 24. Rac1 {[%clk 1:10:01]} Nf5 {[%clk 1:07:27]} 25. Nb1
{[%clk 0:57:47]} Rc7 {[%clk 0:59:44]} 26. Rc2 {[%clk 0:45:19]} Nb4
{[%clk 0:51:55]} 27. Rxc7 {[%clk 0:34:08]} Qxc7 {[%clk 0:49:42]} 28. Qd2
{[%clk 0:34:12]} Rc8 {[%clk 0:45:40]} 29. Bf1 {[%clk 0:26:59]} Qb7
{[%clk 0:44:56]} 30. Nc3 {[%clk 0:26:20]} Nd6 {[%clk 0:42:52]} 31. Qb2
{[%clk 0:22:21]} Ne4 {[%clk 0:39:19]} 32. a3 {[%clk 0:17:56]} Nxc3
{[%clk 0:39:10]} 33. Bxc3 {[%clk 0:18:19]} Nc6 {[%clk 0:38:55]} 34. Rc1
{[%clk 0:16:50]} Bd6 {[%clk 0:35:15]} 35. Bd2 {[%clk 0:13:07]} Na5
{[%clk 0:31:22]} 36. Rc3 {[%clk 0:10:59]} Rxc3 {[%clk 0:30:41]} 37. Qxc3
{[%clk 0:10:51]} Qc6 {[%clk 0:30:22]} 38. Qxc6 {[%clk 0:10:00]} Nxc6
{[%clk 0:28:33]} 39. Bb5 {[%clk 0:08:08]} Ne7 {[%clk 0:21:13]} 40. b4
{[%clk 0:33:55]} a5 {[%clk 0:47:12]} 41. bxa5 {[%clk 0:31:05]} bxa5
{[%clk 0:47:40]} 42. a4 {[%clk 0:30:49]} Bc7 {[%clk 0:48:09]} 43. Kf1
{[%clk 0:30:28]} Nf5 {[%clk 0:47:08]} 44. Ke2 {[%clk 0:30:30]} Nd6
{[%clk 0:47:34]} 45. Bd3 {[%clk 0:27:05]} f5 {[%clk 0:45:35]} 46. f3
{[%clk 0:27:13]} Kf7 {[%clk 0:41:27]} 47. h3 {[%clk 0:21:25]} h5 {[%clk 0:38:41]}
48. g4 {[%clk 0:19:36]} hxg4 {[%clk 0:38:41]} 49. hxg4 {[%clk 0:20:01]} Kf6
{[%clk 0:38:14]} 50. Be1 {[%clk 0:15:34]} Kg5 {[%clk 0:34:43]} 51. gxf5
{[%clk 0:15:31]} exf5 {[%clk 0:35:07]} 52. Bc2 {[%clk 0:11:28]} Kf6
{[%clk 0:34:03]} 53. Bb3 {[%clk 0:11:53]} Ke6 {[%clk 0:33:31]} 54. Bh4
{[%clk 0:10:41]} Bb6 {[%clk 0:33:57]} 55. Kd3 {[%clk 0:10:21]} Bc7
{[%clk 0:33:57]} 56. Ke2 {[%clk 0:07:00]} Bb6 {[%clk 0:33:52]} 57. Kd3
{[%clk 0:03:58]} Bc7 {[%clk 0:34:18]} 58. Ba2 {[%clk 0:03:15]} Bb6
{[%clk 0:33:58]} 59. Bb3 1/2-1/2

[Event "World Chess Olympiad 2018"]
[Site "Batumi"]
[Date "2018.10.04"]
[Round "10"]
[Board "2"]
[WhiteFideId "1416928"]
[White "Ochsner Bjorn Moller"]
[BlackFideId "4901541"]
[Black "Bilguun Sumiya"]
[Result "0-1"]
[LiveChessVersion "1.4.8"]
[BlackElo "2489"]
[WhiteElo "2462"]

1. e4 {[%clk 1:30:56]} c5 {[%clk 1:30:50]} 2. Nf3 {[%clk 1:31:13]} e6
{[%clk 1:31:12]} 3. d4 {[%clk 1:31:11]} cxd4 {[%clk 1:31:33]} 4. Nxd4
{[%clk 1:31:39]} a6 {[%clk 1:31:55]} 5. c4 {[%clk 1:31:59]} Nf6 {[%clk 1:32:18]}
6. Nc3 {[%clk 1:32:22]} Qc7 {[%clk 1:32:41]} 7. Be2 {[%clk 1:32:39]} Bb4
{[%clk 1:33:02]} 8. Nc2 {[%clk 1:32:42]} Be7 {[%clk 1:26:26]} 9. O-O
{[%clk 1:32:27]} d6 {[%clk 1:26:25]} 10. Qd3 {[%clk 1:30:01]} Nbd7
{[%clk 1:24:17]} 11. f4 {[%clk 1:18:17]} b6 {[%clk 1:23:10]} 12. b4
{[%clk 1:16:01]} Bb7 {[%clk 1:22:53]} 13. Bb2 {[%clk 1:15:46]} Rc8
{[%clk 1:21:45]} 14. Rac1 {[%clk 1:15:35]} Qb8 {[%clk 1:20:36]} 15. Qg3
{[%clk 1:09:11]} h5 {[%clk 0:58:04]} 16. Bd3 {[%clk 0:50:22]} h4 {[%clk 0:52:58]}
17. Qh3 {[%clk 0:50:20]} Nh5 {[%clk 0:48:40]} 18. Nd4 {[%clk 0:44:42]} Ndf6
{[%clk 0:34:16]} 19. Nxe6 {[%clk 0:31:33]} fxe6 {[%clk 0:20:06]} 20. e5
{[%clk 0:31:48]} Rh6 {[%clk 0:20:10]} 21. exf6 {[%clk 0:30:25]} Bxf6
{[%clk 0:20:09]} 22. Qxe6+ {[%clk 0:26:07]} Kf8 {[%clk 0:18:48]} 23. Qe3
{[%clk 0:22:02]} Re8 {[%clk 0:11:50]} 24. Qxb6 {[%clk 0:17:06]} Ba8
{[%clk 0:10:18]} 25. Qf2 {[%clk 0:14:21]} h3 {[%clk 0:05:17]} 26. Nd5
{[%clk 0:12:30]} hxg2 {[%clk 0:05:01]} 27. Qxg2 {[%clk 0:10:16]} Bxd5
{[%clk 0:04:17]} 28. cxd5 {[%clk 0:10:38]} Qxb4 {[%clk 0:04:34]} 29. Bxf6
{[%clk 0:10:38]} gxf6 {[%clk 0:02:06]} 30. Rc4 {[%clk 0:07:57]} Qa3
{[%clk 0:02:23]} 31. Re4 {[%clk 0:04:49]} Rxe4 {[%clk 0:00:45]} 32. Qxe4
{[%clk 0:05:05]} Qc5+ {[%clk 0:00:53]} 33. Kg2 {[%clk 0:04:51]} Qc3
{[%clk 0:00:43]} 34. Rb1 {[%clk 0:03:10]} Qc8 {[%clk 0:00:46]} 35. Bxa6
{[%clk 0:01:07]} Nxf4+ {[%clk 0:00:34]} 36. Qxf4 {[%clk 0:01:16]} Qc2+
{[%clk 0:01:01]} 37. Kf3 {[%clk 0:00:33]} Rh3+ {[%clk 0:00:53]} 38. Kg4
{[%clk 0:01:02]} Qg2+ {[%clk 0:01:04]} 39. Kf5 {[%clk 0:01:31]} Qxd5+
{[%clk 0:01:19]} 40. Kg6 {[%clk 0:30:56]} Qh5+ {[%clk 0:31:43]} 41. Kxf6
{[%clk 0:31:08]} Qf7+ {[%clk 0:32:07]} 0-1

[Event "World Chess Olympiad 2018"]
[Site "Batumi"]
[Date "2018.10.04"]
[Round "10"]
[Board "3"]
[WhiteFideId "4901266"]
[White "Munkhgal Gombosuren"]
[BlackFideId "1407970"]
[Black "Mikkelsen Nikolaj"]
[Result "1/2-1/2"]
[LiveChessVersion "1.4.8"]
[BlackElo "2467"]
[WhiteElo "2452"]

1. d4 {[%clk 1:30:55]} Nf6 {[%clk 1:30:50]} 2. Nf3 {[%clk 1:31:14]} g6
{[%clk 1:31:14]} 3. c4 {[%clk 1:31:37]} Bg7 {[%clk 1:31:36]} 4. Nc3
{[%clk 1:32:04]} O-O {[%clk 1:31:50]} 5. g3 {[%clk 1:32:30]} d6 {[%clk 1:31:25]}
6. Bg2 {[%clk 1:32:56]} Nc6 {[%clk 1:31:45]} 7. O-O {[%clk 1:33:04]} e5
{[%clk 1:31:49]} 8. dxe5 {[%clk 1:32:43]} dxe5 {[%clk 1:32:06]} 9. Qxd8
{[%clk 1:33:09]} Rxd8 {[%clk 1:32:14]} 10. Bg5 {[%clk 1:33:32]} Be6
{[%clk 1:23:02]} 11. Nd2 {[%clk 1:13:54]} h6 {[%clk 1:07:50]} 12. Bxf6
{[%clk 1:12:10]} Bxf6 {[%clk 1:08:04]} 13. Nde4 {[%clk 0:58:57]} Be7
{[%clk 0:52:56]} 14. Nd5 {[%clk 0:56:29]} Bd6 {[%clk 0:52:09]} 15. Nxd6
{[%clk 0:47:46]} cxd6 {[%clk 0:52:32]} 16. Nc7 {[%clk 0:38:00]} Rac8
{[%clk 0:52:19]} 17. Nxe6 {[%clk 0:38:26]} fxe6 {[%clk 0:52:17]} 18. Rfd1
{[%clk 0:36:51]} b5 {[%clk 0:38:49]} 19. cxb5 {[%clk 0:28:04]} Nd4
{[%clk 0:39:13]} 20. e3 {[%clk 0:23:33]} Nxb5 {[%clk 0:39:27]} 21. a4
{[%clk 0:23:14]} Nc7 {[%clk 0:39:39]} 22. Rac1 {[%clk 0:18:46]} Ne8
{[%clk 0:40:00]} 23. b4 {[%clk 0:17:26]} d5 {[%clk 0:39:03]} 24. Bf1
{[%clk 0:11:31]} Nd6 {[%clk 0:31:13]} 25. Bd3 {[%clk 0:10:03]} e4
{[%clk 0:31:09]} 26. Be2 {[%clk 0:10:28]} Kf8 {[%clk 0:29:17]} 27. Rc5
{[%clk 0:03:09]} Rxc5 {[%clk 0:23:38]} 28. bxc5 {[%clk 0:03:36]} Nb7
{[%clk 0:23:30]} 29. c6 {[%clk 0:03:39]} Na5 {[%clk 0:23:50]} 30. Rc1
{[%clk 0:03:18]} Rc8 {[%clk 0:24:10]} 31. Rc5 {[%clk 0:03:28]} Nb3
{[%clk 0:22:27]} 32. Rc3 {[%clk 0:01:58]} Na5 {[%clk 0:22:49]} 33. Rc5
{[%clk 0:01:15]} Nb3 {[%clk 0:23:05]} 34. Ba6 {[%clk 0:00:33]} Rc7
{[%clk 0:17:58]} 35. Rc3 {[%clk 0:00:48]} Nd2 {[%clk 0:15:46]} 36. Rc5
{[%clk 0:01:06]} Ke7 {[%clk 0:09:56]} 37. Bb7 {[%clk 0:01:25]} Nc4
{[%clk 0:10:10]} 38. Rb5 {[%clk 0:01:38]} Kd6 {[%clk 0:10:00]} 39. Kg2
{[%clk 0:00:58]} Ne5 {[%clk 0:09:35]} 40. Ra5 {[%clk 0:31:05]} Nxc6
{[%clk 0:39:46]} 41. Bxc6 {[%clk 0:31:28]} Kxc6 {[%clk 0:40:10]} 42. Ra6+
{[%clk 0:31:58]} Kd7 {[%clk 0:40:19]} 43. h4 {[%clk 0:31:09]} Ke7
{[%clk 0:18:51]} 44. g4 {[%clk 0:29:55]} Kf6 {[%clk 0:17:07]} 45. Kg3
{[%clk 0:29:35]} Re7 {[%clk 0:13:58]} 46. Rc6 {[%clk 0:28:21]} Rb7
{[%clk 0:09:11]} 47. Ra6 {[%clk 0:27:10]} Ke5 {[%clk 0:09:34]} 48. Kg2
{[%clk 0:27:01]} Rf7 {[%clk 0:08:56]} 49. Kg3 {[%clk 0:23:50]} Rd7
{[%clk 0:09:19]} 50. Ra5 {[%clk 0:21:46]} Kf6 {[%clk 0:08:56]} 51. Ra6
{[%clk 0:21:48]} Re7 {[%clk 0:07:16]} 52. Rc6 {[%clk 0:21:51]} Kf7
{[%clk 0:06:12]} 53. a5 {[%clk 0:20:27]} Kf6 {[%clk 0:05:59]} 54. Rc8
{[%clk 0:19:01]} Rb7 {[%clk 0:03:54]} 55. Rf8+ {[%clk 0:18:45]} Kg7
{[%clk 0:04:13]} 56. Ra8 {[%clk 0:18:29]} g5 {[%clk 0:03:11]} 57. h5
{[%clk 0:18:37]} Rd7 {[%clk 0:03:01]} 58. Kg2 {[%clk 0:17:44]} Kf6
{[%clk 0:02:36]} 59. Rg8 {[%clk 0:17:09]} Rh7 {[%clk 0:02:21]} 60. Rb8
{[%clk 0:15:05]} Ke5 {[%clk 0:01:43]} 61. Rd8 {[%clk 0:14:58]} Kf6
{[%clk 0:02:05]} 62. Rb8 {[%clk 0:13:40]} Ke5 {[%clk 0:02:13]} 63. Rd8
{[%clk 0:14:01]} Kf6 {[%clk 0:02:32]} 64. Rb8 {[%clk 0:13:25]} 1/2-1/2

[Event "World Chess Olympiad 2018"]
[Site "Batumi"]
[Date "2018.10.04"]
[Round "10"]
[Board "4"]
[WhiteFideId "1444948"]
[White "Bjerre Jonas Buhl"]
[BlackFideId "4900774"]
[Black "Nasanjargal Urtnasan"]
[Result "0-1"]
[LiveChessVersion "1.4.8"]
[BlackElo "2470"]
[WhiteElo "2423"]

1. e4 {[%clk 1:30:55]} c5 {[%clk 1:30:54]} 2. Nf3 {[%clk 1:31:14]} Nc6
{[%clk 1:31:13]} 3. d4 {[%clk 1:31:17]} cxd4 {[%clk 1:31:33]} 4. Nxd4
{[%clk 1:31:28]} Nf6 {[%clk 1:31:55]} 5. Nc3 {[%clk 1:31:20]} d6 {[%clk 1:32:17]}
6. Bg5 {[%clk 1:29:13]} Bd7 {[%clk 1:27:01]} 7. Qd2 {[%clk 1:26:58]} Rc8
{[%clk 1:27:21]} 8. O-O-O {[%clk 1:24:09]} Nxd4 {[%clk 1:27:43]} 9. Qxd4
{[%clk 1:21:27]} Qa5 {[%clk 1:27:56]} 10. f4 {[%clk 1:20:02]} Rxc3
{[%clk 1:28:17]} 11. bxc3 {[%clk 1:16:19]} e5 {[%clk 1:27:49]} 12. Qb4
{[%clk 1:14:10]} Qxb4 {[%clk 1:28:10]} 13. cxb4 {[%clk 1:14:36]} Nxe4
{[%clk 1:28:31]} 14. Bh4 {[%clk 1:09:30]} g5 {[%clk 1:28:42]} 15. fxg5
{[%clk 1:03:14]} Be7 {[%clk 1:26:51]} 16. Bc4 {[%clk 0:49:19]} h6
{[%clk 1:27:14]} 17. Rhf1 {[%clk 0:41:57]} Be6 {[%clk 1:27:36]} 18. Bxe6
{[%clk 0:37:02]} fxe6 {[%clk 1:28:00]} 19. Rde1 {[%clk 0:27:20]} d5
{[%clk 1:26:08]} 20. c4 {[%clk 0:22:59]} hxg5 {[%clk 1:03:14]} 21. Bg3
{[%clk 0:21:25]} Bxb4 {[%clk 0:46:09]} 22. Bxe5 {[%clk 0:18:53]} Rh7
{[%clk 0:45:18]} 23. Re2 {[%clk 0:17:08]} Kd7 {[%clk 0:44:32]} 24. cxd5
{[%clk 0:13:12]} exd5 {[%clk 0:44:54]} 25. Bd4 {[%clk 0:13:06]} b6
{[%clk 0:43:03]} 26. Kc2 {[%clk 0:11:35]} Kc6 {[%clk 0:37:14]} 27. g3
{[%clk 0:10:41]} Bd6 {[%clk 0:34:57]} 28. Rf5 {[%clk 0:09:03]} Rh6
{[%clk 0:32:14]} 29. Kd3 {[%clk 0:07:41]} Rg6 {[%clk 0:32:15]} 30. Rc2+
{[%clk 0:07:07]} Nc5+ {[%clk 0:32:07]} 31. Ke3 {[%clk 0:07:01]} Re6+
{[%clk 0:31:25]} 32. Kf2 {[%clk 0:06:35]} g4 {[%clk 0:31:07]} 33. Rf6
{[%clk 0:05:43]} Re4 {[%clk 0:27:30]} 34. Be3 {[%clk 0:05:43]} Kd7
{[%clk 0:25:49]} 35. Rd2 {[%clk 0:03:53]} Re5 {[%clk 0:23:43]} 36. Rf4
{[%clk 0:03:21]} Ne4+ {[%clk 0:23:30]} 37. Rxe4 {[%clk 0:03:35]} Rxe4
{[%clk 0:21:28]} 38. Rxd5 {[%clk 0:03:29]} Kc6 {[%clk 0:20:18]} 39. Rd4
{[%clk 0:00:48]} Rxd4 {[%clk 0:18:14]} 40. Bxd4 {[%clk 0:31:12]} Bc5
{[%clk 0:47:52]} 41. Ke3 {[%clk 0:23:45]} Kd5 {[%clk 0:47:52]} 42. Bxc5
{[%clk 0:21:09]} bxc5 {[%clk 0:48:07]} 0-1

[Event "World Chess Olympiad 2018"]
[Site "Batumi"]
[Date "2018.10.04"]
[Round "10"]
[Board "1"]
[WhiteFideId "14001101"]
[White "Atabayev Maksat"]
[BlackFideId "703303"]
[Black "Leko Peter"]
[Result "1/2-1/2"]
[LiveChessVersion "1.4.8"]
[BlackElo "2690"]
[WhiteElo "2505"]

1. Nf3 {[%clk 1:30:50]} Nf6 {[%clk 1:30:52]} 2. g3 {[%clk 1:31:12]} c5
{[%clk 1:31:14]} 3. Bg2 {[%clk 1:31:31]} Nc6 {[%clk 1:31:37]} 4. O-O
{[%clk 1:31:51]} e5 {[%clk 1:31:47]} 5. e4 {[%clk 1:31:25]} d6 {[%clk 1:32:08]}
6. d3 {[%clk 1:31:23]} g6 {[%clk 1:32:30]} 7. a3 {[%clk 1:31:04]} Bg7
{[%clk 1:32:41]} 8. c3 {[%clk 1:31:18]} O-O {[%clk 1:32:42]} 9. b4
{[%clk 1:29:20]} a6 {[%clk 1:31:59]} 10. Nbd2 {[%clk 1:26:09]} b5
{[%clk 1:32:09]} 11. Bb2 {[%clk 1:21:31]} Nd7 {[%clk 1:28:45]} 12. a4
{[%clk 1:10:21]} Rb8 {[%clk 1:26:39]} 13. axb5 {[%clk 1:07:48]} axb5
{[%clk 1:27:06]} 14. Nb3 {[%clk 1:02:46]} cxb4 {[%clk 1:21:58]} 15. cxb4
{[%clk 1:03:08]} Nb6 {[%clk 1:22:22]} 16. Na5 {[%clk 1:00:49]} Bd7
{[%clk 1:22:20]} 17. Nxc6 {[%clk 1:00:31]} Bxc6 {[%clk 1:22:48]} 18. Qe2
{[%clk 1:00:27]} Ra8 {[%clk 1:10:15]} 19. Nd2 {[%clk 0:44:00]} Na4
{[%clk 1:00:00]} 20. Rac1 {[%clk 0:43:22]} Nxb2 {[%clk 0:41:03]} 21. Rxc6
{[%clk 0:43:47]} Qd7 {[%clk 0:40:59]} 22. Rc2 {[%clk 0:40:55]} Na4
{[%clk 0:40:25]} 23. Rfc1 {[%clk 0:41:03]} Bh6 {[%clk 0:36:16]} 24. Bf1
{[%clk 0:38:50]} Rfc8 {[%clk 0:17:16]} 25. Rxc8+ {[%clk 0:18:30]} Rxc8
{[%clk 0:17:45]} 26. Rxc8+ {[%clk 0:18:53]} Qxc8 {[%clk 0:18:13]} 27. Nf3
{[%clk 0:19:12]} Qc3 {[%clk 0:15:38]} 28. d4 {[%clk 0:16:41]} Qxb4
{[%clk 0:12:17]} 29. Qxb5 {[%clk 0:16:58]} Qxb5 {[%clk 0:11:49]} 30. Bxb5
{[%clk 0:17:22]} Nc3 {[%clk 0:12:10]} 1/2-1/2